[Event "AUTO-INT-2794"]
[Site "http://www.queenalice.com/game.php?id=1248188"]
[Date "2014.1.15"]
[Round "1"]
[White "rafa_sax88"]
[Black "daniel0176"]
[Result "0-1"]
[WhiteElo "1478"]
[BlackElo "1699"]

1. e4 d5 2. e5 e6 3. d4 h6 4. Bb5+ c6 5. Ba4 b5 6. Bb3 c5 7. c4 cxd4 8. cxb5 a6
9. bxa6 Nxa6 10. Qxd4 Bc5 11. Qg4 Bf8 12. Ne2 Nf6 13. Qg3 Ne4 14. Qd3 Bc5 15.
O-O Nxf2 16. Rxf2 Bxf2+ 17. Kxf2 O-O 18. Kg1 Nc5 19. Qc2 Qb6 20. Qc3 Nd3+ 21.
Nd4 Ba6 22. Bc2 Nxc1 23. b4 Be2 24. a4 Rac8 25. Qe3 Bg4 26. Nc3 Qxb4 27. Rxc1
Rxc3 28. Qd2 Rfc8 29. Rb1 Qc5 30. Kh1 Bh5 31. Rb5 Qc4 32. h3 Qf1+ 33. Kh2 Qa1
34. Rb1 Qa3 35. Nb5 Rxc2 36. Qf4 Qa2 37. Rf1 Rxg2+ 0-1

[Event "AUTO-INT-2794"]
[Site "http://www.queenalice.com/game.php?id=1248189"]
[Date "2014.1.15"]
[Round "1"]
[White "daniel0176"]
[Black "rafa_sax88"]
[Result "1-0"]
[WhiteElo "1671"]
[BlackElo "1510"]

1. e4 e5 2. d4 d5 3. Qd3 Nc6 4. h3 Nb4 5. Qc3 exd4 6. Qd2 Na6 7. Qxd4 Nf6 8. Bd3
Bc5 9. Qc3 d4 10. Qd2 Bb4 11. c3 dxc3 12. bxc3 Ba5 13. Nf3 O-O 14. O-O Nh5 15.
e5 Nc5 16. Bxh7+ Kh8 17. Qc2 Bb6 18. c4 Ne6 19. Nc3 Ng3 20. Nd5 Nxf1 21. Kxf1
Nd4 22. Qd3 Be6 23. Nf4 Qe7 24. Ng5 f6 25. exf6 Qxf6 26. Ne4 Qh4 27. Ng6+ Kxh7
28. Nxh4 Rad8 29. Ng5+ Kh8 30. Qh7# 1-0

[Event "Challenge"]
[Site "http://www.queenalice.com/game.php?id=1251069"]
[Date "2014.1.25"]
[Round "-"]
[White "dejami"]
[Black "rafa_sax88"]
[Result "1-0"]
[WhiteElo "1711"]
[BlackElo "1471"]

1. e4 e5 2. Bc4 Nf6 3. c3 Nxe4 4. Qh5 Qf6 5. Bxf7+ Qxf7 6. Qxe5+ Be7 7. Qxe4 O-O
8. Nf3 Re8 9. O-O Bd6 10. Qh4 Be7 11. Qg3 Bd6 12. Qg4 Be7 13. d4 Nc6 14. Bf4 d5
15. Qg3 a5 16. Nbd2 Bd6 17. Bxd6 cxd6 18. Rae1 1-0

[Event "AUTO-INT-2800"]
[Site "http://www.queenalice.com/game.php?id=1252418"]
[Date "2014.1.30"]
[Round "1"]
[White "rafa_sax88"]
[Black "riverriver"]
[Result "0-1"]
[WhiteElo "1385"]
[BlackElo "1493"]

1. e4 e5 2. Bc4 f5 3. exf5 Nf6 4. Qf3 d5 5. Bb3 e4 6. Qe2 Bxf5 7. d3 Be7 8. dxe4
dxe4 9. Qb5+ c6 10. Qc4 Qa5+ 11. Bd2 Qe5 12. Qf7+ Kd7 13. Bc3 Rf8 14. Qxg7 Qd6
15. Na3 Nh5 0-1

[Event "Challenge"]
[Site "http://www.queenalice.com/game.php?id=1252668"]
[Date "2014.1.30"]
[Round "-"]
[White "recchdegomm1"]
[Black "rafa_sax88"]
[Result "1-0"]
[WhiteElo "1343"]
[BlackElo "1474"]

1. d4 Nc6 2. Nf3 d5 3. Nc3 Nf6 4. e4 e5 5. exd5 Nxd5 6. Bc4 Na5 7. Bxd5 Bb4 8.
Nxe5 O-O 9. O-O Bd6 10. f4 Be6 11. Bxe6 fxe6 12. Qg4 c6 13. Qxe6+ Kh8 14. f5 1-0

[Event "AUTO-INT-2802"]
[Site "http://www.queenalice.com/game.php?id=1253761"]
[Date "2014.2.4"]
[Round "1"]
[White "C5"]
[Black "rafa_sax88"]
[Result "1-0"]
[WhiteElo "1849"]
[BlackElo "1467"]

1. e4 e5 2. Nf3 Nc6 3. Bc4 Bc5 4. d3 a5 5. a4 Qf6 6. c3 Ba7 7. Qe2 Nge7 8. Bg5
Qd6 9. Na3 h6 10. Be3 g5 11. h3 h5 12. Nxg5 1-0

[Event "AUTO-INT-2802"]
[Site "http://www.queenalice.com/game.php?id=1253764"]
[Date "2014.2.4"]
[Round "1"]
[White "rafa_sax88"]
[Black "Samehada"]
[Result "1-0"]
[WhiteElo "1432"]
[BlackElo "1505"]

1. e4 c5 2. d4 d6 3. d5 Nf6 4. Qf3 Bg4 5. Qb3 Qb6 6. Qa4+ Nbd7 7. Be3 Qxb2 8. f3
Qxa1 9. fxg4 Qxb1+ 10. Kf2 Nxg4+ 11. Kf3 Nxe3 12. g3 Nxf1 13. Ne2 g6 14. Kf2 1-0

[Event "AUTO-INT-2802"]
[Site "http://www.queenalice.com/game.php?id=1253765"]
[Date "2014.2.4"]
[Round "1"]
[White "Samehada"]
[Black "rafa_sax88"]
[Result "0-1"]
[WhiteElo "1480"]
[BlackElo "1451"]

1. d4 d5 2. Nf3 Nc6 3. h3 f6 4. Bf4 e5 5. dxe5 fxe5 6. Bxe5 b6 7. Nc3 Bb4 8. a3
Bc5 9. Nxd5 Bd6 10. Bxg7 Bc5 11. Bxh8 Nge7 12. Nxe7 Qxe7 0-1

[Event "AUTO-INT-2803"]
[Site "http://www.queenalice.com/game.php?id=1254363"]
[Date "2014.2.7"]
[Round "1"]
[White "rafa_sax88"]
[Black "thiagobh"]
[Result "0-1"]
[WhiteElo "1499"]
[BlackElo "1473"]

1. e4 c6 2. Ne2 d5 3. exd5 cxd5 4. Nd4 e6 5. c3 a6 6. b4 Nf6 7. d3 Qc7 8. Be2
Bd6 9. Na3 Qxc3+ 10. Bd2 Qxa3 0-1

[Event "AUTO-INT-2803"]
[Site "http://www.queenalice.com/game.php?id=1254364"]
[Date "2014.2.7"]
[Round "1"]
[White "thiagobh"]
[Black "rafa_sax88"]
[Result "1-0"]
[WhiteElo "1515"]
[BlackElo "1482"]

1. Nf3 d5 2. g3 b6 3. Bg2 a5 4. O-O Bb7 5. d3 h6 6. d4 g5 7. Re1 g4 8. Nfd2 h5
9. Nc3 h4 10. e4 h3 11. Bf1 1-0

[Event "AUTO-INT-2803"]
[Site "http://www.queenalice.com/game.php?id=1254365"]
[Date "2014.2.7"]
[Round "1"]
[White "rafa_sax88"]
[Black "wind39"]
[Result "0-1"]
[WhiteElo "1355"]
[BlackElo "1595"]

1. e4 e5 2. Nf3 d6 3. Nc3 c5 4. Bc4 Be6 5. Bb5+ Nc6 6. O-O h6 7. d3 Rc8 8. Nd5
a6 9. Ba4 b5 10. Bb3 Nf6 11. a4 b4 0-1

[Event "AUTO-INT-2803"]
[Site "http://www.queenalice.com/game.php?id=1254366"]
[Date "2014.2.7"]
[Round "1"]
[White "wind39"]
[Black "rafa_sax88"]
[Result "1-0"]
[WhiteElo "1588"]
[BlackElo "1362"]

1. e4 e5 2. Nc3 Bc5 3. Bc4 Qf6 4. Qf3 Qe7 5. Nd5 Qd6 6. Nxc7+ Kd8 7. Nxa8 Qd4 8.
Bd5 Nf6 9. Ne2 Qc4 10. Bxc4 d6 11. h3 g6 12. Qxf6+ 1-0